000 00585nam a2200205Ia 4500
005 20250923144711.0
008 008 250917s9999 xx 000 0 eng d
037 _aTextual
040 _aDSWL
_beng
_cDSWL
041 _aeng
_2eng
084 _aL:5.573, N60
_qDSWL
100 _aEvang, Karl M.D.
_9827521
245 0 _aHealth services soceity, and medicine
_cby Karl M.D.Evang
260 _aLondon
_bOxford University Press
_c1960
300 _a171p.
365 _aUSD
_b21
925 _g21
942 _cTEXL
_hL:5.573, N60
999 _c1442234
_d1442234